000 01218cam a2200385 a 4500
001 4608
003 FISKH
005 20241106154819.0
008 090424s2011 nyua b 000 1 eng
010 _a 2009014929
020 _a9780061177514 (trade bdg.)
020 _a9780061177538 (pbk.)
020 _a9780545451598
040 _aDLC
_cDLC
_dDLC
_beng
042 _alcac
050 _aPZ7.C179
082 _a808.068
100 1 _aCapucilli, Alyssa Satin,
_d1957-
245 1 0 _aBiscuit and the lost teddy bear /
_cstory by Alyssa Satin Capucilli ; pictures by Pat Schories.
250 _aFirst Scholastic printing January 2012
260 _aNew York :
_bScholastic,
_c2011.
300 _a29 pages :
_bcolor illustrations ;
_c23 cm
490 0 _aI can read! My first, shared reading
505 _aE
520 _aBiscuit helps reunite a lost teddy bear with its owner.
521 8 _a210
_bLexile
521 8 _aE
_bRaz-Plus
650 1 _aLost and found possessions
_vFiction.
650 1 _aTeddy bears
_vFiction.
650 1 _aDogs
_vFiction.
700 1 _aSchories, Pat,
_eillustrator
906 _a7
_bcbc
_corignew
_d1
_eecip
_f20
_gy-gencatlg
942 _2ddc
_cBK
_n0
999 _c4608
_d4608